00700nam a2200241 a 4500001001300000003000900013005001700022008004100039020002300080082001600103100002100119245004100140260003900181300000900220500003500229505001000264650001400274700002100288902000800309942000700317952011700324999001700441nice12345678IN_TiNIC20260116013232.0050524s1993 dela grp 000 0 eng  a8120816 c35000a709.54bBON aBoner, Georgette aAlice Boner Diaries India, 1934-1967 aDelhi bMotilal Banarsidass c1993 a300p aincludes index and biblioraphy2 aIndex aArt-Hindu1 aBoner, Georgette bSRS cBK 001040708StackRoom-aHMIbHMId2007-06-15g350.00l0o709.54 BONp018592r2007-06-15v350.00w2005-05-24yBK c10226d10226